Marketing Research : Marketing Engineering Applications /

Este material está diseñado para complementar los cursos sobre investigación mercadotécnica. Realiza análisis de factores y análisis discriminativo. Así mismo, permite al usuario utilizar tanto análisis de regresión como logarítmico, aplicados al conocimiento del consumidor. A su vez, puede aplicars...

Descrizione completa

Salvato in:
Dettagli Bibliografici
Autore principale: Lilien, Gary L. (autor)
Altri autori: Rangaswamy, Arvind (autor) (autor)
Natura: Libro
Lingua:inglese
Pubblicazione: Reading, EUA : Addison-Wesley, 1999, c1999
Soggetti:
Tags: Aggiungi Tag
Nessun Tag, puoi essere il primo ad aggiungerne!!

MARC

LEADER 00000nam^a2200000^a^4500
001 000156943
005 20250521000000.0
009 20260310100521.763
020 |a 0-321-04647-1 
037 |a Acervo ITESO - Biblioteca 
041 |a ING 
082 |a 658. 802  |b LIL 
100 |a Lilien, Gary L.  |e (autor) 
245 1 0 |a Marketing Research :  |b Marketing Engineering Applications /  |c G.L. Lilien, A. Rangaswamy. 
264 4 |a Reading, EUA :  |b Addison-Wesley,  |c 1999, c1999 
300 |a VII, 150 p. +  |e 1 disco compacto de computadora 
336 |a texto  |b txt  |2 rdacontenido 
337 |a sin mediación  |b n  |2 rdamedio 
338 |a volumen  |b nc  |2 rdasoporte 
520 |a Este material está diseñado para complementar los cursos sobre investigación mercadotécnica. Realiza análisis de factores y análisis discriminativo. Así mismo, permite al usuario utilizar tanto análisis de regresión como logarítmico, aplicados al conocimiento del consumidor. A su vez, puede aplicarse al estudio del posicionamiento del producto usando mapas perceptuales, el diseño de productos, toma de decisiones utilizando árboles de decisión, y el análisis promocional utilizando el análisis logarítmico. 
649 |a XX 
650 |a Toma de Decisiones 
650 |a Posicionamiento del Producto 
650 |a Promoción del Producto 
650 |a Producto (Mezcla de Mercadotecnia) 
650 |a Mezcla de Mercadotecnia 
650 |a Segmentación del Mercado 
650 |a Investigación de Mercado 
650 |a Paquetes (Software) 
650 |a Ingeniería Computacional 
650 |a Mercadotecnia 
650 |a Ciencias Administrativas 
700 |a Rangaswamy, Arvind  |e (autor) 
910 |a Fondo General 
920 |a Impresos - Libros 
930 |a Colección General 
905 |a 101 
901 |a 0500083972  |b IT1  |c ACC  |u 20250521 
901 |a 0500083958  |b IT2  |c SWS  |u 20250521 
902 |a https://opac.biblio.iteso.mx/vufind/Record/000156943